Policy for agricultural research /

Bibliographic Details
Other Authors: Ruttan, Vernon W., Pray, Carl
Format: Book
Language:English
Published: Boulder : Westview Press, 1987.
Series:Westview special studies in agriculture science and policy.
Subjects:

MARC

Tag First Indicator Second Indicator Subfields
LEADER 00000cam a2200000 a 4500
001 in00000012022
005 20151007051739.0
008 870513s1987 coua b 00000 eng
010 |a  87014277  
020 |a 0813373697 (pbk. : alk. paper) :  |c $29.50 
035 |a (OCoLC)15791748 
035 |9 AAA4569AM 
040 |a DLC  |c DLC  |d TXA  |d UtOrBLW 
049 |a TXAM  |c [A11028157] 
050 0 0 |a S540.A2  |b P65 1987 
082 0 |a 630/.72  |2 19 
245 0 0 |a Policy for agricultural research /  |c edited by Vernon W. Ruttan and Carl E. Pray. 
264 1 |a Boulder :  |b Westview Press,  |c 1987. 
300 |a xvii, 558 pages :  |b illustrations ;  |c 23 cm. 
336 |a text  |b txt  |2 rdacontent 
337 |a unmediated  |b n  |2 rdamedia 
338 |a volume  |b nc  |2 rdacarrier 
490 1 |a Westview special studies in agriculture science and policy 
504 |a Includes bibliographies. 
536 |a Donated by Dr. H.O. Kunkel, Texas A&M University, June, 1998. 
650 0 |a Agriculture  |x Research. 
650 0 |a Agriculture  |x Research  |x Government policy. 
700 1 |a Ruttan, Vernon W. 
700 1 |a Pray, Carl. 
830 0 |a Westview special studies in agriculture science and policy. 
999 |a MARS 
999 f f |s cc81a1ca-85f1-3325-b08b-76a9ece68e10  |i 866398fc-34df-3f34-a354-c7f16f103965  |t 0 
952 f f |p ric  |a Texas A&M University  |b Rellis Campus  |c Joint Library Facility  |d Remote Storage  |t 0  |e S540.A2 P65 1987  |h Library of Congress classification  |i unmediated -- volume  |m A14822274729 
998 f f |a S540.A2 P65 1987  |t 0  |l Remote Storage